Normal view
MARC view
Entry Personal Name
001 - CONTROL NUMBER
- control field: 81990
003 - CONTROL NUMBER IDENTIFIER
- control field: OSt
005 - DATE AND TIME OF LATEST TRANSACTION
- control field: 20231029133224.0
008 - FIXED-LENGTH DATA ELEMENTS
- fixed length control field: 231029|| aca||aabn | a|a d
040 ## - CATALOGING SOURCE
- Original cataloging agency: OSt
- Transcribing agency: OSt
100 ## - HEADING--PERSONAL NAME
- Personal name: रेडडी,के कृष्ण
670 ## - SOURCE DATA FOUND
- Source citation: Work cat.: (OSt)66271: रेडडी,के कृष्ण , भारत का इतिहास द्वितीय संस्करण , 2023









